| 000 | 00443nam a2200181Ia 4500 | ||
|---|---|---|---|
| 005 | 20240823010514.0 | ||
| 008 | 240823s9999||||xx |||||||||||||| ||und|| | ||
| 041 | _aENGLISH | ||
| 082 | _A621.395 P0 | ||
| 100 | _a"Tocci,Ronald J" | ||
| 245 | 0 | _aDigital Systems Principles & Applications | |
| 250 | _a6th | ||
| 260 |
_c2000 _b"PHI,New Delhi" |
||
| 500 | _aDAMAGED | ||
| 650 |
_aDigital _bInstrumentation |
||
| 942 | _cBK | ||
| 999 |
_c158822 _d158822 |
||